000 00649nam a2200241 i 4500
001 bg
100 1 _aSITNIK, Lech J.
245 1 0 _aStrömungskavitationsverschleiß /
_cLech J. Sitnik.
260 _aWrocław :
_bOficyna Wydawnicza Politechniki Wrocławskiej,
_c2005.
300 _a162 s. :
_bfot., rys., wykr. ;
_c24 cm.
504 _aBibliogr.
650 9 _aPrzepływ
650 9 _aHydraulika
650 9 _ahydrodynamika
650 9 _aMechanika płynów
020 _a8370858767
040 _cBPK
041 0 _ager
080 _a532.5:620.193
920 _a83-7085-876-7
942 _cKS
008 s pl f |000 0 pol
999 _c52673
_d52673
856 _uhttp://koha.tu.koszalin.pl/cgi-bin/koha/opac-detail.pl?biblionumber=52673
_yKatalog online BPK